Vista normal
Vista MARC
- Martínez Ríos, Beatriz
Entrada Nombre de persona
Número de registros utilizados en: 3
001 - NÚMERO DE CONTROL
- campo de control: 67
003 - IDENTIFICADOR DEL NÚMERO DE CONTROL
- campo de control: ES-MaFIAP
005 - FECHA Y HORA DE LA ÚLTIMA TRANSACCIÓN
- campo de control: 20220908114110.0
008 - DATOS DE LONGITUD FIJA
- campo de control de longitud fija: 220908|| aca||aabn | a|a d
040 ## - FUENTE DE LA CATALOGACIÓN
- Centro catalogador/agencia de origen: ES-MaFIAP
- Centro/agencia transcriptor: ES-MaFIAP
100 ## - ENCABEZAMIENTO-NOMBRE DE PERSONA
- Nombre de persona: Martínez Ríos, Beatriz
670 ## - FUENTE DE DATOS ENCONTRADOS
- Cita de la fuente: Work cat.: (ES-MaFIAP)0: Peláez Narváez, Ana XX4823207 63, Maternidad y discapacidad, 2009





